Des droits pour les victimes ? (notice n° 2225386)

détails MARC
000 -LEADER
fixed length control field 01062cam a2200169 4500500
005 - DATE AND TIME OF LATEST TRANSACTION
control field 20260426020050.0
041 ## - LANGUAGE CODE
Language code of text/sound track or separate title fre
042 ## - AUTHENTICATION CODE
Authentication code dc
100 10 - MAIN ENTRY--PERSONAL NAME
Personal name Guedj, Nicole
Relator term author
245 00 - TITLE STATEMENT
Title Des droits pour les victimes ?
260 ## - PUBLICATION, DISTRIBUTION, ETC.
Date of publication, distribution, etc. 2005.<br/>
500 ## - GENERAL NOTE
General note 47
520 ## - SUMMARY, ETC.
Summary, etc. Cette nouvelle fantastique met en scène une invention temporelle qui permet de faire du double, de dupliquer, en se servant du temps comme catalyseur. Sur le plan symbolique, elle nous montre sous un nouveau jour la scène œdipienne, en convoquant également Électre dans le même montage.
520 ## - SUMMARY, ETC.
Summary, etc. Love, time, time, love This fantastic short story stages a temporal invention enabling the act of making doubles, of duplicating, time being used as a catalyst. Symbolically, it shows us the œdipal scene under a new light, Electra is brought there in the same montage.
786 0# - DATA SOURCE ENTRY
Note Imaginaire & Inconscient | 15 | 1 | 2005-03-01 | p. 11-16 | 1628-9676
856 41 - ELECTRONIC LOCATION AND ACCESS
Uniform Resource Identifier <a href="https://shs.cairn.info/revue-imaginaire-et-inconscient-2005-1-page-11?lang=fr&redirect-ssocas=7080">https://shs.cairn.info/revue-imaginaire-et-inconscient-2005-1-page-11?lang=fr&redirect-ssocas=7080</a>

Pas d'exemplaire disponible.

PLUDOC

PLUDOC est la plateforme unique et centralisée de gestion des bibliothèques physiques et numériques de Guinée administré par le CEDUST. Elle est la plus grande base de données de ressources documentaires pour les Étudiants, Enseignants chercheurs et Chercheurs de Guinée.

Adresse

627 919 101/664 919 101

25 boulevard du commerce
Kaloum, Conakry, Guinée

Réseaux sociaux

Powered by Netsen Group @ 2025